000 00396nam a2200181Ia 4500
005 20240823041849.0
008 240823s9999||||xx |||||||||||||| ||und||
041 _aENGLISH
082 _A320.011 N7
100 _aRai V
245 0 _aAristotle The Poetics
250 _a1st
260 _c1997
_bDoaba
500 _aTRANSFERED
650 _aNovel
_bEnglish
942 _cBK
999 _c206514
_d206514